The South African Institute of Valuers (Record no. 93315)
[ view plain ]
| 000 -LEADER | |
|---|---|
| fixed length control field | 00764cam a2200217 4500 |
| 001 - CONTROL NUMBER | |
| control field | J3197 |
| 008 - FIXED-LENGTH DATA ELEMENTS--GENERAL INFORMATION | |
| fixed length control field | 071127s1992 sa a f 001 0deng |
| 035 ## - SYSTEM CONTROL NUMBER | |
| System control number | (Sirsi) u53650 |
| 041 ## - LANGUAGE CODE | |
| Language code of text/sound track or separate title | eng |
| 050 04 - LIBRARY OF CONGRESS CALL NUMBER | |
| Classification number | 920 $2 18 |
| 100 ## - MAIN ENTRY--PERSONAL NAME | |
| Personal name | Hermann, J. H. |
| 245 04 - TITLE STATEMENT | |
| Title | The South African Institute of Valuers |
| Remainder of title | the first eighty years 1909-1989, being the history of the institute and, as a background, the development of the valuation profession since 1652 |
| 260 ## - PUBLICATION, DISTRIBUTION, ETC. | |
| Place of publication, distribution, etc. | Pretoria |
| Name of publisher, distributor, etc. | South African Institute of Valuers |
| Date of publication, distribution, etc. | 1992 |
| 300 ## - PHYSICAL DESCRIPTION | |
| Extent | xii, 210 p. |
| Other physical details | ill. |
| Dimensions | 21 cm. |
| 350 ## - PRICE (NR) (BK AM CF MU VM SE) [OBSOLETE] | |
| Price | 0 |
| 520 ## - SUMMARY, ETC. | |
| Summary, etc. | A history of the South African Institute of Valuers. |
| 651 #4 - SUBJECT ADDED ENTRY--GEOGRAPHIC NAME | |
| Geographic name | South Africa |
| 690 ## - LOCAL SUBJECT ADDED ENTRY--TOPICAL TERM (OCLC, RLIN) | |
| Topical term or geographic name as entry element | PROPERTY-PROPERTY APPRAISAL AND VALUATION |
| 942 ## - ADDED ENTRY ELEMENTS (KOHA) | |
| Suppress in OPAC | 0 |
| 948 ## - LOCAL PROCESSING INFORMATION (OCLC); SERIES PART DESIGNATOR (RLIN) | |
| c (OCLC) | 04/03/1997 |
| Withdrawn status | Lost status | Source of classification or shelving scheme | Damaged status | Not for loan | Home library | Current library | Shelving location | Date acquired | Total Checkouts | Full call number | Barcode | Date last seen | Copy number | Price effective from | Koha item type |
|---|---|---|---|---|---|---|---|---|---|---|---|---|---|---|---|
| Dewey Decimal Classification | London | London | Books | 18/08/1995 | 920 HER | 30046392 | 06/08/2019 | 1 | 06/08/2019 | Book |